| 000 | 00612nam a2200205 a 4500 | ||
|---|---|---|---|
| 005 | 20240806064005.0 | ||
| 008 | 991125s1979 mx 000 0 spa u | ||
| 020 | _a968340085X | ||
| 035 | _aUPN01000045220 | ||
| 049 | _aCG | ||
| 050 | 4 |
_aPN6019 G7 _bG7.68 |
|
| 100 | 1 |
_aGreene, Graham, _d1904-1991 _928382 |
|
| 245 | 1 | 3 |
_aEl poder y la gloria ; El americano impasible / _cGraham Greene ; tr. J. R. Wilcock |
| 260 |
_aMéxico : _bPROMEXA, _c1979 |
||
| 300 | _axiii, 277, 220 p | ||
| 440 | 4 | _aLas grandes obras del siglo veinte | |
| 650 | 4 |
_aLiteratura inglesa _95228 |
|
| 904 |
_aAC _b045222 |
||
| 905 | _aLibro | ||
| 999 |
_c45220 _d45220 |
||